Điểm nhìn nghiên cứu văn học

Сохранить в:
Библиографические подробности
Главный автор: Lê Đức Luận
Формат:
Язык:Vietnamese
Опубликовано: H. Văn học 2012
Предметы:
Метки: Добавить метку
Нет меток, Требуется 1-ая метка записи!
Thư viện lưu trữ: Mạng thư viện Đại học Đà Nẵng
LEADER 01050aam a22003258a 4500
001 000016700
003 13103
005 20121214141259.0
008 121214s2012 viesd
020 |c 100000đ  |d 1000b 
041 0 |a vie 
082 1 4 |2 14  |a 807  |b LÊ-L 
100 1 |a Lê Đức Luận 
245 1 0 |a Điểm nhìn nghiên cứu văn học  |c Lê Đức Luận 
260 |a H.  |b Văn học  |c 2012 
300 |a 296 tr.  |c 24 cm. 
504 |a Thư mục cuối trang 
650 7 |2 Bộ TK TVQG  |a nghiên cứu văn học 
650 7 |2 Bộ TK TVQG 
655 7 |2 Bộ TK TVQG  |a Giáo trình 
OWN |a LSP 
AVA |a UDN50  |b LSP  |d 807 LÊ-L  |e check_holdings  |t Error 5003 Not defined in file expand_doc_bib_avail.  |h N  |k 1 
999 |a From the UDN01 
AVA |a UDN50  |b LSP  |d 807 LÊ-L  |e available  |t Error 5001 Not defined in file expand_doc_bib_avail.  |f 100  |g 2  |h N  |i 82  |k 1 
TYP |a Monograph 
TYP |a Printed language 
980 |a Mạng thư viện Đại học Đà Nẵng